000 00724nam a2200205 i 4500
001 98620
003 ES-MaACL
005 20240312062540.0
007 t|
008 051017s1916 sp |||| |dspa d
080 _a929 López de Hoyos, Juan
100 1 _aPérez- Mínguez, Fidel.
_991025
245 1 3 _aEl maestro López de Hoyos
_b: conferencia leída en el Ateneo de Madrid el día 27 de abril de 1916 /
_cpor Fidel Pérez Mínguez.
260 _aMadrid :
_b[s.n.],
_c1916 (
_fImp. de los Hijos de M.G. Hernández)
300 _a34 p. ;
_c24 cm.
600 1 4 _aLópez de Hoyos, Juan.
_973549
610 2 4 _aAteneo de Madrid-
_vConferencias-
_y1900-1939
_91907
852 _aES-MaACL
_j2197-F-18
999 _c98620
_d98620